Missing Vowels Grab Bag Quiz Stats

 Plays Quiz Updated Jun 30, 2015

Challenge
Share
Tweet
Embed
Score 0/50 Timer 07:00
0 Plays Today
Hint Answer % Correct
CountriesChina
97.9%
Disney/Pixar FilmsCinderella
95.8%
American SitcomsFriends
94.4%
French CitiesParis
92.7%
Simpsons Characters Homer Simpson
92.5%
CountriesGreece
92.2%
Disney/Pixar FilmsPinocchio
91.8%
American SitcomsScrubs
90.9%
Songs by The BeatlesHelp
90.8%
American SitcomsSeinfeld
90.5%
Sporcle CategoriesTelevision
86.3%
US StatesAlabama
83.8%
Simpsons Characters Ned Flanders
83.5%
Sporcle CategoriesMiscellaneous
83.5%
US StatesOhio
83.1%
American SitcomsFrasier
82.1%
Songs by The BeatlesTicket To Ride
81.1%
CountriesUzbekistan
80.8%
US StatesIdaho
80.6%
Sporcle CategoriesReligion
80.5%
Disney/Pixar FilmsAladdin
79.7%
Sporcle CategoriesMusic
79.7%
Songs by The BeatlesLet It Be
78.1%
US StatesOregon
77.9%
American SitcomsCheers
74.9%
Hint Answer % Correct
Songs by The BeatlesLove Me Do
74.5%
Disney/Pixar FilmsRatatouille
74.5%
French CitiesBordeaux
74.3%
European Soccer TeamsReal Madrid
74%
Sporcle CategoriesLanguage
73.5%
French CitiesMarseille
71.9%
ElementsIron
69%
US StatesUtah
66.5%
French CitiesMontpellier
65.5%
CountriesIndia
65%
Simpsons Characters Ralph Wiggum
61.4%
European Soccer TeamsArsenal
59.7%
ElementsArsenic
57.7%
Simpsons Characters Nelson Muntz
53.5%
CountriesUkraine
51.3%
French CitiesToulouse
49.2%
European Soccer TeamsJuventus
47.2%
European Soccer TeamsAjax
47.1%
Disney/Pixar FilmsFantasia
46.2%
ElementsUranium
43.6%
ElementsIodine
33.5%
ElementsEinsteinium
29.6%
European Soccer TeamsBorussia Dortmund
26.4%
Simpsons Characters Otto Mann
25%
Songs by The BeatlesOb-La-Di Ob-La-Da
20%

You're not logged in!

Compare scores with friends on all Sporcle quizzes.
OR
Log In

You Might Also Like...

Show Comments

Extras

Top Quizzes Today


Score Distribution

Your Account Isn't Verified!

In order to create a playlist on Sporcle, you need to verify the email address you used during registration. Go to your Sporcle Settings to finish the process.

Report this User

Report this user for behavior that violates our Community Guidelines.

Details: